| Tag |
First Indicator |
Second Indicator |
Subfields |
| LEADER |
00000cam a2200000 a 4500 |
| 001 |
in00000030976 |
| 005 |
20151007054921.0 |
| 008 |
850102s1984 miua b 00010 ruso |
| 010 |
|
|
|a 85100067
|
| 020 |
|
|
|a 0882338757 (pbk.)
|
| 020 |
|
|
|a 0882338749 (hard)
|
| 035 |
|
|
|a (OCoLC)11456510
|
| 035 |
|
|
|9 AAB6648AM
|
| 040 |
|
|
|a DLC
|c DLC
|d m/c
|d TXA
|d UtOrBLW
|
| 049 |
|
|
|a TXAM
|c [A11060816]
|
| 050 |
0 |
0 |
|a PG3476.B78
|b M339 1984
|
| 100 |
1 |
|
|a Zerkalov, A.
|
| 245 |
1 |
0 |
|a [Evangelie Mikhaila Bulgakova :
|b opyt issledovanii︠a︡ 4-kh glav romana Master i Margarita /
|c A. Zerkalov].
|
| 264 |
|
1 |
|a Ann Arbor :
|b Ardis,
|c [1984]
|
| 264 |
|
4 |
|c ©1984
|
| 300 |
|
|
|a 247 pages :
|b illustrations ;
|c 22 cm.
|
| 336 |
|
|
|a text
|b txt
|2 rdacontent
|
| 337 |
|
|
|a unmediated
|b n
|2 rdamedia
|
| 338 |
|
|
|a volume
|b nc
|2 rdacarrier
|
| 504 |
|
|
|a Bibliography: page 247.
|
| 600 |
1 |
0 |
|a Bulgakov, Mikhail,
|d 1891-1940.
|t Master i Margarita.
|
| 999 |
|
|
|a MARS
|
| 999 |
f |
f |
|s f43c5e74-8dc9-3373-bf41-c41459fca14c
|i a23c09bc-36e9-37fa-a717-056bee5b2f4a
|t 0
|
| 952 |
f |
f |
|p ric
|a Texas A&M University
|b Rellis Campus
|c Joint Library Facility
|s JLF
|d Remote Storage
|t 0
|e PG3476.B78 M339 1984
|h Library of Congress classification
|i unmediated -- volume
|m A14811060816
|
| 998 |
f |
f |
|a PG3476.B78 M339 1984
|t 0
|l Remote Storage
|